Teuerste Städte der Welt - Statistiken

Allgemein
  • Dieses Quiz wurde 89 mal gespielt
  • Das Durchschnittsergebnis liegt bei 5 aus 10
Antwortstatistiken
Platz Stadt % Korrekt
1. New York
90%
9. Paris
76%
5. Los Angeles
73%
6. Zürich
61%
10. Sydney
59%
2. Singapur
54%
7. Genf
44%
4. Hongkong
44%
8. San Francisco
40%
3. Tel Aviv
5%
Keine übereinstimmenden Quizze gefunden
Verteilung der Resultate
Anzahl Personen mit jedem Resultat
Perzentil nach korrekt beantworteten Fragen
Ihre Resultats-Entwicklung
Sie haben dieses Quiz noch nicht gespielt